• 首页
  • 本馆介绍
  • 公告通知
  • 最新文献
  • 馆藏检索
  • 电子资源
  • 读者导购
  • 参考咨询
  • 我的图书馆
  • 登录
  • 详细信息显示
  • 放入我的书架
  • 预约/预借图书
  • 作者相关作品
  • 分类相关作品
  • 丛书相关作品
  • 出版社相关作品

书目信息

  • 表格格式
  • 工作单格式
  • 卡片格式
题名:
跨国公司经营与管理
    
 
作者: 林康 著
分册:  
出版信息: 北京   对外经济贸易大学出版社  2008.8
页数: 387页
开本: 23cm
丛书名: 高等院校国际经贸专业规划教材
单 册:
中图分类: F276.7
科图分类:
主题词: 跨国公司--企业管理--高等学校--教材
电子资源:
ISBN: 978-7-81134-166-9
000 01141nam 2200289 450
001 519
005 20140909092700.87
010    @a978-7-81134-166-9@dCNY39.00
100    @a20140417e20132008em y0chiy50 ea
101 0  @achi
102    @aCN@b110000
105    @aa a 000yy
106    @ar
200 1  @a跨国公司经营与管理@AKua Guo Gong Si Jing Ying Yu Guan Li@dTransnational corporations & transnational operation@f林康著@FLin Kang Zhu@zeng
210    @a北京@c对外经济贸易大学出版社@d2008.8@h2013.8
215    @a387页@c图@d23cm
225 2  @a高等院校国际经贸专业规划教材
300    @a普通高等教育“十一五”国家级规划教材
320    @a有书目 (第386-387页)
330    @a本书主要内容包括:跨国公司概述、跨国公司全球化经营的宏观环境、跨国公司的国际资本运作与管理、跨国公司国际投资的选择与决策、跨国公司的内部贸易与转移价格管理等。
461  0 @12001 @a高等院校国际经贸专业规划教材
510 1  @aTransnational corporations & transnational operation@zeng
606 0  @a跨国公司@x企业管理@x高等学校@j教材
690    @aF276.7@v5
701  0 @a林康@ALin Kang@4著
801  0 @aCN@bTANGWEI@c20140603
905    @b0836985-87@dF276.7@e1114@f3
    
    跨国公司经营与管理=Transnational corporations & transnational operation/林康著.-北京:对外经济贸易大学出版社,2008.8(2013.8)
    387页:图;23cm.-(高等院校国际经贸专业规划教材)
    普通高等教育“十一五”国家级规划教材
    
    ISBN 978-7-81134-166-9:CNY39.00
    本书主要内容包括:跨国公司概述、跨国公司全球化经营的宏观环境、跨国公司的国际资本运作与管理、跨国公司国际投资的选择与决策、跨国公司的内部贸易与转移价格管理等。
●
相关链接 在E读中查询图书 在五车中查询图书 在当当中查询图书 在豆瓣中查询图书


正题名:跨国公司经营与管理     索取号:F276.7/1114         预约/预借

序号 登录号 条形码 馆藏地/架位号 状态 备注
1 0836985   208369852   第一样本阅览室/ [索取号:F276.7/1114] 在馆    
2 0836986   208369861   第一借阅区/ [索取号:F276.7/1114] 在馆    
3 0836987   208369870   密集书库-海洋学院/ [索取号:F276.7/1114] 在馆    
唐山师范学院图书馆 欢迎您!
大连网信软件有限公司© 版权所有